01543cam a2200373 i 4500001001200000003000600012005001700018008004100035035002100076035002300097040004100120041001300161245028800174246006900462260008600531300002100617336002700638337005400665338002800719380001600747500003100763504002100794546001800815650002200833650002800855651002600883651002400909651001600933651004800949651005000997658003001047700003601077710005601113xx003524854NUKAT20260429141746.0151008s1938 pl g |000 0 pol c a(OCoLC)864206731 a(NUKAT)xx003524854 aKR U/RBcKR U/RBdKR U/RBdKR U/PAWs0 apolbfre00aSzczegółowy podział dorzeczy Niemna i Dźwiny =bRegistre des superficies des bassins du Niemen et de la Dźwina /c[oprac. Lucyna Radomska-Świdzińska] ; Państwowa Służba Hydrograficzna w Polsce, Ministerstwo Komunikacji. Biuro Dróg Wodnych. Instytut Hydrograficzny.31aRegistre des superficies des bassins du Niemen et de la Dźwina aWarszawa :bMinisterstwo Komunikacji,c1938e(Warszawa :fDrukarnia Państwowa). a220 s. ;c29 cm. aTekstbtxt2rdacontent aBez urządzenia pośredniczącegobn2rdamedia aWoluminbnc2rdacarrier aKsiążki aNazwa aut. oprac. na s. 5. aBibliogr. s. 11. aStreszcz. fr. 7aDział wodny2DBN 7aZlewnie i dorzecza2DBN 7aDźwina (rzeka)2DBN 7aNiemen (rzeka)2DBN 7aPolska2DBN 7aNiemna, Dorzeczevspisy geograficzne.2kaba 7aDźwiny, Dorzeczevspisy geograficzne.2kaba aGeografia i nauki o Ziemi1 aŚwidzińska, Lucyna.eOprac.1 aPolska.bMinisterstwo Komunikacji (1918-1939).4pbl